Quizzes
Events
Quiz Creation
Community
Videos
Private Events
Remove Ads
Sign In
Join for FREE
Feedback
Dark Mode
Quiz Categories
Sports
Geography
Music
Movies
Television
Just For Fun
Miscellaneous
History
Literature
Language
Science
Gaming
Entertainment
Religion
Holiday
For Kids
Quiz Lab
Recent
Popular Today
Quiz Kudos Today
Editor Picks
Curator Picks
Quizzes by...
Day
Popularity
Type
Ratings
Length
Year
Community
Subscriptions
Recent Discussions
Orange Saloon
Badges
Playlists
Quests
Create
Leaderboards
Showdown
Live 5
Trivia Bingo
Activity
Puzzle Library
Sporcle Events
Private Events
Virtual Trivia
Globe League
Become a Host
Pub Owners
SporcleCon
Opinionation
Our Games
Videos
Blog
Mobile Apps
Partnerships
Remove Ads and Go Orange
Feedback
Music
Pop Music
The Beatles
Song
Album
Lyrics
Bands
Singers
Artist
Clip
Rock
Rap
Classical
Billboard
Country Music
Kpop
Taylor Swift
Music
Pop Music
The Beatles
Song
Album
Lyrics
Bands
Singers
Artist
Clip
Rock
Rap
Classical
Billboard
Country Music
Kpop
Taylor Swift
Random Quiz
Search Sporcle
×
Quiz Lab
Quiz Lab
Music
Lyrics
Type in answers that appear in a list
Type in answers that appear in a list
Classic
Best Score? Go Orange.
Anastasia Lyrics 7 Stats
Can you name the Paris Holds The Key (To Your Heart) Lyrics?
By
gallagher_girl
10m
229 Questions
182 Plays
182 Plays
182 Plays
Comments
Comments
Give Quiz Kudos
Give Quiz Kudos
-
- Ratings
hide this ad
Replay
Link that replays current quiz
Next Quiz
Link to next quiz in quiz playlist
You Got
0%
They Got
Avg Score
76%
Avg Friend Score
Upgrade to see
Score Distribution
Jump to the score distribution portion of the page
Score
0/229
Timer
10:00
0
Plays Today
% Correct
a
97.8%
the
97.8%
And
97.8%
a
97.8%
and
97.8%
the
97.8%
And
97.8%
the
97.8%
the
97.8%
the
97.8%
The
97.8%
the
97.8%
the
97.8%
the
97.8%
the
97.8%
the
97.8%
and
97.8%
the
97.8%
And
97.8%
The
97.8%
a
97.8%
a
97.8%
And
97.8%
the
97.8%
to
96.7%
you
96.7%
to
96.7%
to
96.7%
you
96.7%
to
96.7%
to
96.7%
to
96.7%
to
96.7%
you
96.7%
you
96.7%
you
96.7%
you
96.7%
You
96.7%
to
96.7%
you
96.7%
to
96.7%
to
96.7%
Paris
96.2%
Paris
96.2%
Paris
96.2%
Paris
96.2%
Paris
96.2%
Paris
96.2%
Paris
96.2%
Paris
96.2%
Paris
96.2%
heart
95.6%
heart
95.6%
heart
95.6%
heart
95.6%
heart
95.6%
holds
95.1%
key
95.1%
holds
95.1%
key
95.1%
holds
95.1%
key
95.1%
holds
95.1%
key
95.1%
holds
95.1%
key
95.1%
holds
95.1%
key
95.1%
your
94%
your
94%
your
94%
your
94%
your
94%
her
92.3%
her
92.3%
we
89.6%
la
86.8%
% Correct
la!
86.8%
la
86.8%
la
86.8%
la
86.8%
la
86.8%
la
86.8%
la
86.8%
la
86.8%
la
86.8%
la
86.8%
la
86.8%
la!
86.8%
my
83.5%
Welcome
82.4%
no
81.9%
No
81.9%
have
81.3%
me
81.3%
in
81.3%
in
81.3%
have
81.3%
on
80.8%
Ooh
80.2%
be
80.2%
be
80.2%
be
80.2%
Here
78.6%
that
78.6%
of
78.6%
At
78.6%
at
78.6%
of
78.6%
an
78%
friends
77.5%
all
77.5%
all
77.5%
all
77.5%
where
76.9%
can
76.9%
can
76.9%
can
76.9%
can
76.9%
can
76.9%
can
76.9%
can
76.9%
can
76.9%
more
76.9%
where
76.9%
princess
76.4%
you're
75.8%
you're
75.8%
you're
75.8%
found
75.8%
last
75.8%
you'll
75.3%
end
75.3%
You'll
75.3%
do
74.7%
flower
74.2%
I've
74.2%
gone
73.1%
Yes
72.5%
come!
72%
come
72%
past
72%
that's
72%
thats
72%
Come
72%
too
71.4%
is
71.4%
from
70.3%
pretend
69.8%
so
69.2%
children
68.7%
rose
68.7%
rose
68.7%
When
67.6%
% Correct
When
67.6%
When
67.6%
French
67%
will
67%
French
67%
French
67%
will
67%
Forget
66.5%
part
66.5%
love
66.5%
forget
66.5%
plays
63.7%
what
63.7%
ooh
63.7%
ooh
63.7%
ooh
63.7%
it
63.7%
can't
63.7%
what
63.7%
ooh
63.7%
ooh
63.7%
knows
63.2%
knows
63.2%
I'll
61.5%
down
61.5%
down
61.5%
not
61%
city
60.4%
show
59.9%
singing
59.9%
dance
59.9%
say
58.8%
smart
58.8%
even
58.2%
think
57.1%
find
57.1%
Everyone
56.6%
art
56%
night
56%
light
56%
de
54.9%
cure
54.9%
by
54.4%
Le
53.8%
through
53.8%
air
53.3%
call
52.7%
Freud
52.7%
never
52.7%
soon
52.2%
blue
52.2%
says
52.2%
one
51.6%
There's
50.5%
two
50%
two
50%
woes
50%
stroll
49.5%
feeling
49.5%
rue
48.9%
l'amour
48.4%
start
48.4%
Moulin
47.8%
tres
47.3%
jolie
45.1%
joie
44%
vivre
43.4%
Lovers!
42.9%
Whee
28.6%
Whee
28.6%
Whee
28.6%
Follies
26.9%
Begere
26.9%
Just
22.5%
chance
17%
Quiz Playlist
Details
Report
Send in Message
Add To Playlist
Classic:
Type in answers that appear in a list
Last Updated: Feb 16, 2017
Quiz Scoreboard
CHALLENGE
Sign Up to Join the Scoreboard
Show All
Scores
Hide
Comments
May contain spoilers
Recently Published
College Basketball Coaching Resumes
by pancakes188
Sports
9m
Billboard Blitz: Fleetwood Mac
by CooCooCachoo
Music
15s
Presidents Visiting Landmarks
by Hejman
History
7m
More to Explore
Quiz From the Vault
Featured Blog Post
Where Did the Easter Bunny Come From?
hide this ad
You Might Also Like...
Tags
Lyrics Quiz
anastasia
Fox Animation
Meg Ryan
Romanov
Today's Top Quizzes in Music
Browse Music
hide this ad
Today's Top Quizzes in Lyrics
Browse Lyrics
Top Contributed Quizzes in Music
1
Taylor Swift All Songs (2024)
2
7-to-1: Billboard Hot 100 #1 Hits of 2010s
3
Guess the Artist- 70s Songs
4
Sorting Albums and Songs
5
Taylor Swift Logic Puzzle
6
KPOP LOGIC QUIZ
7
Guess the Taylor Swift song (Mystery Song)
8
2010s Album by Cover III
9
One Thing in Common: Music
10
Guess The Taylor Swift Lyrics Song #1
Explore More
Trending Topics
Marvel
Anime
Disney
Harry Potter
NBA
Kpop
Crossword
Country
WWE
Pokémon
The Office
NFL
Song
Puzzle
Soccer
hide this ad
More By:
gallagher_girl
Quiz
Plays
Rating
Category
Featured
Created
Tangled Lyrics 8
3,429
4.29
Music
Jan 29, 2012
Tangled Lyrics
3,229
4.73
Music
Jan 29, 2012
Anastasia Lyrics 2
1,151
4.67
Music
Jan 30, 2012
Tangled Lyrics 5
1,068
2.00
Music
Jan 29, 2012
Tangled Lyrics 9
934
4.67
Music
Jan 29, 2012
Go to Creator's Profile
Score Distribution
Quiz Creator Spotlight
gallagher_girl
Follow
Send a Message
Quizzes Created
-
Created Quiz Play Count
-
More By This Creator
Popular Quizzes Today
1
Find the US States - No Outlines Minefield
2
Find the Countries of Europe - No Outlines Minefield
3
The Countries of the World
4
Find the US States
5
Risky Map Clicking: Biggest States A-Z
6
US States
7
Popular People in 1961
8
Movies - When Are They Set?
More Music Quizzes
Mini Clip Quiz 18: Celebrity song and picture match 1
Editor's Pick
Trending Quizzes
Risky Map Clicking: Least Populous States A-Z
1-10 Letter G Words
1-10 Letter F Words
Risky Map Clicking: Next State Alphabetically
Risky Map Clicking: Biggest States A-Z
Recently Updated
Leaping Animals
pecheneg
Reality TV Shows (A-Z)
bhenderson79
Rickey Henderson's Hall of Fame Teammates
pecheneg
Champions League XIs: Arsenal
pecheneg
Quick Pick: Celebrities in WWE's Hall of Fame
aduchscher
A-Z Keypad Blitz II
pecheneg
Multiple Oscar Actors
pecheneg
Mystery Phrase Blitz: Oscar 'Best Actors'
pecheneg
F. Scott Fitzgerald Novels
LTH
Pick 3 Villains
ddd62291
Trending Topics
NBA
Kpop
Crossword
Marvel
Disney
Harry Potter
Anime
Song
The Office
NFL
WWE
Pokémon
Soccer
Puzzle
Country
Your Account Isn't Verified!
In order to create a playlist on Sporcle, you need to verify the email address you used during registration. Go to your
Sporcle Settings
to finish the process.
Report this User
Report this user for behavior that violates our
Community Guidelines
.
Details:
Send Report
Go to the Sporcle.com Mobile Site →
Comments